FoxPro version 2.0. t.I /
Đã lưu trong:
| 主要作者: | |
|---|---|
| 其他作者: | , |
| 格式: | Sách giấy |
| 語言: | Vietnamese |
| 出版: |
Tp.HCM :
Samic,
1993.
|
| 標簽: |
添加標簽
沒有標簽, 成為第一個標記此記錄!
|
| Thư viện lưu trữ: | Thư viện Trường Đại học Đà Lạt |
|---|
| LEADER | 00716nam a2200289 4500 | ||
|---|---|---|---|
| 001 | DLU130152190 | ||
| 005 | ##20130917 | ||
| 040 | # | # | |a DLU |b vie |
| 041 | # | # | |a vie |
| 044 | # | # | |a vn |
| 082 | # | # | |a 005.756 |b DU-T |
| 100 | # | # | |a Dương Quang Thiện. |
| 245 | # | # | |a FoxPro version 2.0. |n t.I / |c Dương Quang Thiện, Trần Thị Thanh Loan, Nguyễn Lục. |
| 260 | # | # | |a Tp.HCM : |b Samic, |c 1993. |
| 300 | # | # | |a 362 tr. ; |c 28 cm. |
| 700 | # | # | |a Nguyễn Lục. |
| 700 | # | # | |a Trần Thị Thanh Loan. |
| 923 | # | # | |a TL |
| 992 | # | # | |a 2400 |
| 994 | # | # | |a DLU |
| 900 | # | # | |a True |
| 911 | # | # | |a Trương Thị Mỹ Lệ |
| 925 | # | # | |a G |
| 926 | # | # | |a A |
| 927 | # | # | |a SH |
| 980 | # | # | |a Thư viện Trường Đại học Đà Lạt |